000 00370nam a2200133 i 4500
001 bg
100 1 _aJACZEWSKI, Jerzy.
245 0 _aUkłady logiczne i teoria automatów.
_nCz. 1,
_pPodstawy teoretyczne analizy i syntezy /
_cJerzy Jaczewski.
260 _aGdańsk,
_c1978.
040 _cBPK
041 _apol
942 _cKS
008 s pl f |000 0 pol
999 _c27948
_d27948
856 _uhttp://koha.tu.koszalin.pl/cgi-bin/koha/opac-detail.pl?biblionumber=27948
_yKatalog online BPK